000 nam a22 a 4500
999 _c631
_d631
003 AKMAL
005 20170504134520.0
008 170504s20052008my e 000 0 may d
020 _a9833372201
_qpaperback :
_cRM29.00
040 _aAKMAL
082 0 4 _a158 DAN
_222
090 0 0 _a158
_bDAN
100 0 _aDanial Zainal Abidin,
_d1955-,
_eauthor.
_91357
245 1 0 _aTip-tip cemerlang daripada Quran /
_cDanial Zainal Abidin
264 1 _aBentong, Pahang :
_bPTS Millennia,
_c2005
264 4 _c©2008
300 _axiv, 294 pages ;
_c23 cm.
490 1 _aSiri pembangunan diri
504 _aBibliography: pages 289-291
533 _aElectronic reproduction.
_bBatu Caves, Selangor :
_cPTS Millennia,
_d2014.
_nAvailable via World Wide Web
650 1 0 _aMuslims
_xConduct of life
_91358
650 2 0 _aSelf-realization
_xReligious aspects
_xIslam
_91359
650 2 0 _aSuccess
_xReligious aspects
_xIslam
_91360
830 0 _aSiri pembangunan diri
_91361
856 4 _uhttp://www.bookcafe.com.my/index.php?target=products&product_id=183
_yKulit Depan, Ringkasan & Isi Kandungan
942 _2ddc
_cBOOK